Geometry for teachers

Saved in:
Bibliografiske detaljer
Hovedforfatter: Collier, C. Patrick (Author)
Format: Bog
Sprog:engelsk
Udgivet: Boston Houghton Mifflin 1976
Fag:
Tags: Tilføj Tag
Ingen Tags, Vær først til at tagge denne postø!

MARC

LEADER 00000nam a2200000 a 4500
001 UCW1711
003 CL-VaPUC
008 930106e19760000US |||||||||||||||||eng|d
082 0 4 |a 516  |b COL  |2 21 
100 0 |a Collier, C. Patrick  |e author  |9 305770 
245 1 0 |a Geometry for teachers 
300 |a 331 p 
942 |c BK 
945 |d 19930106 00:00:00 
260 |a Boston  |b Houghton Mifflin  |c 1976 
650 0 |a Geometría   |9 264063 
583 |a last modification  |c 19930106 00:00:00  |k Rodrigo Vera 
999 |c 216555  |d 216553 
952 |0 0  |1 0  |4 0  |6 516_000000000000000_COL_1976  |7 0  |8 A  |9 202359  |a BIBMAT  |b BIBMAT  |c E_DIDACT  |d 2019-11-14  |i 2694670  |l 2  |m 2  |o 516 COL 1976  |p 2694670  |r 2025-01-07  |s 2024-11-07  |w 2019-11-14  |y BK  |k MAT